03072cam a2200301 i 45000010018000000050017000180080041000350100017000760200029000930350269001220350024003910400159004150420008005740430012005820500016005941000030006102450096006402640039007363000093007755000057008685040041009255201661009666000036026276500039026636500028027026550024027306550016027549911712481980434120250321124640.0221103r20242023nyuabf 000 0deng  a 2022049664 a9781471186264qpaperback a(OCoLC)1346615839z(OCoLC)1382331897z(OCoLC)1388672988z(OCoLC)1389565419z(OCoLC)1390468821z(OCoLC)1390830560z(OCoLC)1394141087z(OCoLC)1398519102z(OCoLC)1423715999z(OCoLC)1427569394z(OCoLC)1428671898z(OCoLC)1432817835z(OCoLC)1441602939z(OCoLC)1452836713 a(OCoLC)on1346615839 aDLCbengerdacDLCdBDXdOCLCFdGK8dOCOdJTHdRNLdFHPdCGPdYDXdYUSdETCdCPGdQS3dQJKdOCLdHQDdOCLCOdAUMdGYGdSTWdIOUdVLWdCQAdIG#dAUNTLdNLE apcc ae-fr--- aHV6665.F73  aFinkel, Michael,eauthor.14aThe art thief b: a true story of love, crime and a dangerous obsession c/ Michael Finkel. 1aLondon :bSimon & Schuster,c2024. a221 pages, 8 unnumbered pages of plates :billustrations (chiefly colour), maps ;c22 cm aFirst published in the USA by Alfred A. Knopf, 2023. aIncludes bibliographical references. aOne of the most remarkable true-crime narratives of the twenty-first century: the story of the world’s most prolific art thief, Stéphane Breitwieser. In this spellbinding portrait of obsession and flawed genius, the best-selling author of The Stranger in the Woods brings us into Breitwieser’s strange world—unlike most thieves, he never stole for money, keeping all his treasures in a single room where he could admire them. For centuries, works of art have been stolen in countless ways from all over the world, but no one has been quite as successful at it as the master thief Stéphane Breitwieser. Carrying out more than two hundred heists over nearly eight years—in museums and cathedrals all over Europe—Breitwieser, along with his girlfriend who worked as his lookout, stole more than three hundred objects, until it all fell apart in spectacular fashion. In The Art Thief, Michael Finkel brings us into Breitwieser’s strange and fascinating world. Unlike most thieves, Breitwieser never stole for money. Instead, he displayed all his treasures in a pair of secret rooms where he could admire them to his heart’s content. Possessed of a remarkable athleticism and an innate ability to circumvent practically any security system, Breitwieser managed to pull off a breathtaking number of audacious thefts. Yet these strange talents bred a growing disregard for risk and an addict’s need to score, leading Breitwieser to ignore his girlfriend’s pleas to stop—until one final act of hubris brought everything crashing down. This is a riveting story of art, crime, love, and an insatiable hunger to possess beauty at any cost. 0aBreitwieser, Stéphane,d1971- 0aArt theftsxInvestigationzFrance. 0aArt thievesvBiography. 0aTrue crime stories. 0aBiographies